000 00731nam a22002297a 4500
003 UA-OsUOA
001 50274
007 ta
008 20071109b un ||||| |||| 00| 0 ukr d
090 _a902 (399)
_bД70
942 _cBK
040 _aUA-OsUOA
_cUA-OsUOA
_dUA-OsUOA
245 _aДослідження трипільської цивілізації у науковій спадщині археолога Вікентія Хвойки
_bМатеріали і дослідження
300 _a75 с.
955 _a1
080 _a902 (399)
020 _a978-966-02-4225-8
260 _aК.
_c2006
246 3 1 _aЧ. 2
_n
650 7 _a9 Географія. Біографії. Історія
_2UDC
999 _c336380
_d336380